[Event "Moscow Open-F 2019"]
[Site "Moscow"]
[Date "2019.01.27"]
[Round "3"]
[White "Kasparov, Aram"]
[Black "Indzhiev, Aldar"]
[Result "0-1"]
[WhiteElo "2007"]
[BlackElo "2218"]
[Annotator "TA"]
[PlyCount "150"]
[EventDate "2019.01.26"]
[EventType "swiss"]
[EventCountry "RUS"]
[SourceTitle "playchess.com"]
[Source "ChessBase"]
[SourceQuality "1"]

{[%evp 29,150,0,0,-114,-114,-106,-114,-85,-110,-141,-96,-185,-176,-148,-119,-122,-118,-130,-128,-117,-102,-102,-79,-130,-122,-129,-100,-213,-195,-209,-204,-212,-209,-214,-177,-197,-187,-189,-180,-185,-181,-164,-183,-176,-173,-620,0,0,0,0,0,-20,0,0,0,0,0,0,0,0,0,0,0,0,0,0,0,0,0,0,0,0,0,0,0,0,0,-52,0,-111,-111,-5012,-4708,-4313,-3230,-3170,-3114,-3059,-2399,-2356,-2343,-2343,-2128,-2098,-2076,-29967,-29971,-29973,-29976,-29962,-29973,-29978,-29979,-29978,-29978,-29972,-29979,-29988,-29987,-29987,-29988,-29988,-29987,-29989,-29990,-29991,-29992,-29997,-29997,-29997,-29998,-29998,-29999]} 1. e4 c5 2. Nf3 d6 3. d4 cxd4 4. Nxd4 Nf6 5. Nc3 g6 6. Be3 Bg7 7. f3 O-O 8. Qd2 Nc6 9. O-O-O d5 10. exd5 Nxd5 11. Nxc6 bxc6 12. Nxd5 cxd5 13. Qxd5 Qc7 14. Qxa8 Bf5 15. Qxf8+ Kxf8 {[%csl Gf5][%cal Rc7c2] LiveBook: 10 Games} 16. Bd3 {B76: Sicilian Dragon: Yugoslav Attack, 9 g4 and 9 0-0-0} (16. Rd2 $11) 16... Qe5 $17 {[%mdl 64] Double Attack} 17. Kd2 Bxd3 18. Kxd3 {Black is better.} Qxb2 19. Ke2 {[%cal Rd1d8]} Bc3 $146 ({Predecessor:} 19... f5 20. Rd2 Bc3 21. Rd8+ Kf7 22. Rc1 Qxa2 23. Rd3 Bf6 {0-1 (37) Godoy Olazabal,A (2175)-Liascovich,L (2484) Buenos Aires 2015}) 20. Rd3 (20. Rd8+ $17 Kg7 21. Rc1) 20... Qxc2+ $19 21. Bd2 Ba5 22. a3 Bxd2 23. Rxd2 $17 {[%mdl 4096] Endgame KQ-KRR} Qc4+ 24. Rd3 Qa2+ 25. Rd2 Qxa3 26. Rb1 (26. Rhd1 $142) 26... Kg7 27. Rbb2 Qc5 {White must now prevent ...Qg1.} 28. h3 (28. Kf1 $17 {keeps fighting.}) 28... Qg1 $1 $19 {[%cal Rg1g2]} 29. Kd3 f5 30. Kc4 Kf6 31. Ra2 e5 32. Ra6+ Kg5 33. Kd5 Qe3 34. Rda2 Qd4+ 35. Ke6 {[#]} e4 $1 36. fxe4 fxe4 37. Rxa7 $2 (37. h4+ Kxh4 38. R2a4) 37... Kf4 $2 (37... e3 $19 38. R2a5+ Kh6) 38. R2a3 $1 $11 Qb6+ 39. Kf7 Kg5 40. g3 Qf6+ 41. Kg8 {Hoping for R3a5+.} Qe6+ {[%mdl 64] Double Attack} 42. Kxh7 Qxh3+ 43. Kg7 Qe6 {aiming for ...e3.} 44. R3a6 Qe5+ 45. Kf7 Qd5+ 46. Kg7 Qd4+ 47. Kf7 Kf5 48. Ra5+ Kg4 49. Re7 g5 50. Rae5 Kxg3 {Strongly threatening ...Kf4.} 51. Rxe4 Qd5+ 52. Kf6 g4 {...Kf3 is the strong threat.} 53. R7e5 ({White should try} 53. Kg6 $11) 53... Qd2 ({Black should play} 53... Qd6+ $15 54. Kg7 Kf3 55. Re3+ Kg2 56. Re2+ Kg3 57. R2e3+ Kf2 58. Re2+ Kg1 59. Re1+ Kh2 60. R1e2+ Kg1 61. Re1+ Kh2 62. R1e2+ Kh1 63. Re1+ Kh2) 54. Kf5 {[#]} (54. Rg5 $11) 54... Kh3 $1 $17 {And now ...g3 would win.} 55. Rxg4 $2 {[%mdl 8192]} (55. Re6 $17) 55... Qd7+ $19 56. Re6 Qf7+ 57. Rf6 Qd5+ 58. Kf4 Qd4+ 59. Kf5 Qxg4+ {KQ-KR} 60. Ke5 Qe2+ 61. Kd6 Kg4 62. Rf8 Qd3+ {Black mates.} 63. Ke6 Qe4+ 64. Kd7 Qd5+ 65. Ke7 Qc5+ 66. Ke8 Kg5 67. Rf7 Kg6 68. Rf8 Qc7 69. Rf1 Qe5+ 70. Kd8 Qd4+ 71. Ke8 Qe3+ 72. Kf8 Qc5+ 73. Kg8 Qc8+ 74. Rf8 Qc4+ 75. Rf7 Qxf7+ {Accuracy: White = 49%, Black = 70%.} 0-1

[Event "Moscow Open-F 2019"]
[Site "Moscow"]
[Date "2019.01.27"]
[Round "3"]
[White "Klenin, Georgy"]
[Black "Badalyan, Shavarsh"]
[Result "1/2-1/2"]
[WhiteElo "1945"]
[BlackElo "2198"]
[Annotator "TA"]
[PlyCount "80"]
[EventDate "2019.01.26"]
[EventType "swiss"]
[EventCountry "RUS"]
[SourceTitle "playchess.com"]
[Source "ChessBase"]
[SourceQuality "1"]

{[%evp 16,80,7,-7,37,21,57,19,25,0,0,0,17,0,0,-8,-8,-2,0,-22,-22,-21,0,0,22,-13,-16,-35,-29,-30,25,14,89,97,411,224,420,0,0,0,3,0,0,0,0,0,0,0,0,0,0,0,0,-9,0,0,0,-2,0,0,0,-104,-105,-105,0,0,0]} 1. d4 Nf6 2. Nf3 e6 3. g3 b6 4. Bg2 Bb7 5. O-O Be7 6. c4 O-O 7. Nc3 Ne4 8. Qc2 Nxc3 9. bxc3 {LiveBook: 51 Games} c6 {E19: Queen's Indian: Old Main Line with 7...Ne4 8 Qc2 Nxc3 8 Qxc3} (9... Nc6 10. Ne5 Na5 11. Bxb7 Nxb7 12. Qa4 d6 13. Nc6 Qd7 14. Nxe7+ Qxe7 15. Rd1 Qe8 16. Qa6 Qc6 17. Ba3 Na5 {½-½ (41) Cordova,E (2561)-Quesada Perez,Y (2626) Havana 2011}) 10. e4 d5 11. cxd5 cxd5 12. Ne5 $146 ({Predecessor:} 12. e5 Nc6 13. Rd1 Ba6 14. h4 Na5 15. Bf1 Bxf1 16. Kxf1 Qd7 17. Kg2 {1-0 (43) Piljic,S (2120)-Kessler,H (1890) Bayern 1995}) 12... Nc6 13. exd5 exd5 14. f4 Rc8 15. Qd3 Na5 16. Re1 Rc7 17. Bh3 Bd6 18. Bd2 Bc8 19. Bg2 Bb7 20. Bh3 Re8 21. Bf5 g6 22. Bh3 Kg7 (22... Rce7 $142) 23. f5 $11 f6 (23... Bc8 $11 {keeps the balance.}) 24. Ng4 $16 {[#] aiming for fxg6.} Rxe1+ $4 {[%mdl 8192]} (24... Re4 $16 {is more resistant.}) 25. Rxe1 $18 Re7 $2 (25... g5 {keeps fighting.} 26. Re6 Rf7) 26. Re6 $2 (26. Bh6+ $18 Kf7 27. fxg6+ hxg6 28. Rf1) 26... Rxe6 $11 27. fxe6 Nc4 28. Nh6 Qe7 29. Nf7 {Threatens to win with Bh6+.} Nxd2 30. Qxd2 Ba3 31. Qh6+ Kg8 32. Qf4 Bc8 33. Qb8 Qb7 34. Qf4 $1 $132 {[%cal Rf4f6][%mdl 2048] White is not keeping still} Qe7 35. Qb8 Qb7 36. Qf4 $1 {[%cal Rf4f6]} Qe7 37. Qb8 Qb7 38. Qxb7 (38. Qf4 $1 $11 Be7 39. Nh6+ Kg7 40. Ng4) 38... Bxb7 $17 39. Nd8 {[#]} Ba6 ({Black should play} 39... Ba8 $1 $17 {...Kf8 is the strong threat.} 40. Bf1 Kf8) 40. Nc6 $11 Kf8 {Precision: White = 59%, Black = 42%.} 1/2-1/2

[Event "Moscow Open-F 2019"]
[Site "Moscow"]
[Date "2019.01.27"]
[Round "3"]
[White "Yanko, Ivan"]
[Black "Oguzov, Shamil"]
[Result "0-1"]
[WhiteElo "1906"]
[BlackElo "2196"]
[Annotator "TA"]
[PlyCount "50"]
[EventDate "2019.01.26"]
[EventType "swiss"]
[EventCountry "RUS"]
[SourceTitle "playchess.com"]
[Source "ChessBase"]
[SourceQuality "1"]

{[%evp 23,50,-18,-19,-36,2,-20,6,0,0,-18,-9,-31,-40,-40,-37,-33,-15,-34,0,-94,-95,-523,-516,-516,-508,-550,-545,-669,-468]} 1. e4 c5 2. Nf3 e6 3. d4 cxd4 4. Nxd4 Nf6 5. Nc3 d6 6. Be2 Be7 7. O-O Nc6 8. Be3 O-O 9. f4 e5 10. Nb3 exf4 11. Bxf4 Be6 12. Bf3 Ne5 {LiveBook: 4 Games. B83: Sicilian Scheveningen: 6 Be2, lines without ...a6} 13. Nd5 Nfd7 14. Nd4 $146 ({Predecessor:} 14. Kh1 Rc8 15. c3 Bg5 16. Qd2 Bxf4 17. Qxf4 Nc5 18. Nd4 Na4 19. Rab1 Nb6 20. Nf5 Nxd5 21. exd5 Bxf5 22. Qxf5 {0-1 (55) Nyiri,D (2047)-Balogh,V (2258) Hungary 2004}) 14... Bg5 {The position is equal.} (14... Bxd5 $5 15. exd5 Bg5 16. Bxg5 Qxg5 $11) 15. Bxg5 Qxg5 16. Nc7 Bc4 {aiming for ...Rac8.} 17. Nxa8 {Hoping for Nc7.} Bxf1 ({Inferior is} 17... Rxa8 18. Rf2 $16) 18. Qxf1 {Nc7 is the strong threat.} Rxa8 19. Rd1 Nf6 20. Nf5 Rd8 21. c4 {[#]} (21. g3 $11 {keeps the balance.}) 21... g6 $1 $17 {[%cal Rg6f5]} 22. Nxd6 $2 {[%mdl 8192]} (22. Ne7+ $17 Kg7 23. b3) 22... Nxf3+ $19 {Black is clearly winning.} 23. Qxf3 {[#]} Rxd6 $1 {[%mdl 512]} 24. Rf1 (24. Rxd6 Qc5+) 24... Kg7 25. Qc3 {White hopes to continue with e5.} Re6 {Precision: White = 12%, Black = 44%.} 0-1

[Event "Moscow Open-F 2019"]
[Site "Moscow"]
[Date "2019.01.27"]
[Round "3"]
[White "Dziov, Igor"]
[Black "Grachev, Andrey"]
[Result "0-1"]
[WhiteElo "1904"]
[BlackElo "2181"]
[Annotator "TA"]
[PlyCount "78"]
[EventDate "2019.01.26"]
[EventType "swiss"]
[EventCountry "RUS"]
[SourceTitle "playchess.com"]
[Source "ChessBase"]
[SourceQuality "1"]

{[%evp 9,78,-44,-38,-47,-56,-50,-42,-46,-39,-58,-65,-59,-53,-59,-58,-82,-68,-83,-83,-89,-83,-96,-91,-118,-98,-150,-98,-214,-77,-200,-98,-156,-82,-187,-170,-243,-246,-239,-241,-231,-241,-215,-231,-417,-405,-391,-339,-636,-612,-635,-630,-626,-612,-1087,-1109,-1093,-1070,-1095,-1095,-1083,-1070,-1204,-1130,-1897,-1739,-29990,-1290,-1268,-1124,-1772,-1736]} 1. e4 e6 2. Qe2 d5 3. exd5 Qxd5 4. c4 (4. Nc3 Qd8 5. Nf3 c5 6. Ne5 Nh6 7. Qf3 Qc7 8. Bb5+ Nd7 9. Nxd7 Bxd7 10. g4 Bxb5 11. Nxb5 Qd7 12. a4 a6 13. Nc3 {½-½ (49) Zvjaginsev,V (2643)-Ulybin,M (2523) Cheliabinsk 2017}) 4... Qd8 5. a3 $146 ({Predecessor:} 5. d3 Nf6 6. Nf3 Nc6 7. Nc3 Be7 8. g3 O-O 9. Bg2 Re8 10. O-O a6 {1-0 (25) Doehring,J (1994)-Gailis,G (1613) Wesel Undeloh 2015}) 5... c5 6. Nf3 {C00: French: Unusual White 2nd moves} Nc6 7. g3 Nge7 8. d3 {Black is slightly better.} Nf5 9. Be3 b6 10. Bg2 Bb7 11. O-O Be7 12. Nbd2 O-O 13. Ne4 Qd7 14. Rad1 Rad8 15. Rfe1 Qc8 16. Bh3 Rfe8 17. Qd2 (17. Nc3 $142) 17... Ba8 (17... Nxe3 $142 18. fxe3 f5) 18. Bg5 (18. Qe2 $17 {was called for.}) 18... Qb7 (18... Nfd4 $19 19. Nxd4 Nxd4) 19. Qf4 (19. Bxe7 $17 Nfd4 20. Nh4 (20. Nxd4 Nxd4 21. Bg2 Qxe7 $17) 20... Qxe7 21. f4) 19... Ncd4 (19... Nfd4 $1 $19 {and Black stays clearly on top. White must now prevent ...e5!} 20. Bxe7 Qxe7) 20. Bg2 ({White should play} 20. Bxe7 Qxe7 21. Bxf5 Nxf5 22. Qd2) 20... Kh8 (20... f6 $142 $1 {[%cal Rf6g5]} 21. Bxf6 gxf6 22. Nxd4 Rxd4 23. Nxf6+ Bxf6 24. Bxb7 Rxf4 25. Bxa8 Rg4) 21. g4 {[#]} (21. Bxe7 $17 {keeps fighting.} Qxe7 22. Neg5) 21... Bxg5 $1 $19 22. Qxg5 {[#]} (22. Nexg5 $142 f6 23. Ne4) 22... Nxf3+ $1 23. Bxf3 Nd4 24. Bg2 h6 25. Qh5 f5 26. g5 $2 (26. Qg6 {was the only chance.}) 26... fxe4 27. gxh6 gxh6 28. Rxe4 $2 (28. Qxh6+ Qh7 29. Qxh7+ Kxh7 30. Bxe4+ Bxe4 31. Rxe4) 28... Qg7 29. Rg4 {[#]} Qxg4 $1 {[%mdl 512]} 30. Qxg4 {Threatens to win with Qg6.} Rg8 31. Qh5 {[%cal Rh5h6]} Rxg2+ 32. Kf1 Kh7 33. Qf7+ Rg7 34. Qf6 Rdd7 35. h4 Rdf7 36. Qd8 Bf3 {( -> ...Be2+)} 37. Rd2 Rg8 (37... Rg2 $142 38. Re2 Bxe2+ 39. Kxg2 Rg7+ 40. Qg5 hxg5 41. h5 Kh6 42. Kg3 Kxh5 43. b4 Bxd3 44. b5 Bxc4 45. f3 Bxb5 46. Kf2 c4 47. Ke3 c3 48. Kxd4 c2 49. a4 c1=Q 50. axb5 Rd7+ 51. Ke5 Kg6 52. Kxe6 Qc8 53. Ke5 Qe8#) 38. Qd6 Rfg7 {[%csl Gg8][%cal Rg7g1]} 39. Qh2 Bg2+ {Accuracy: White = 27%, Black = 54%.} 0-1

[Event "Moscow Open-F 2019"]
[Site "Moscow"]
[Date "2019.01.27"]
[Round "3"]
[White "Loginov, Ilya"]
[Black "Antonov, Andrey P."]
[Result "0-1"]
[WhiteElo "1893"]
[BlackElo "2150"]
[Annotator "ChessBase"]
[PlyCount "94"]
[EventDate "2019.01.26"]
[EventType "swiss"]
[EventCountry "RUS"]
[SourceTitle "playchess.com"]
[Source "ChessBase"]
[SourceQuality "1"]
[TimeControl "40/5400+30:1800+30"]

1. e4 {[%emt 0:06:37]} e6 {[%emt 0:00:00]} 2. d4 {[%emt 0:00:20]} d5 {[%emt 0:00:00]} 3. e5 {[%emt 0:00:10]} c5 {[%emt 0:00:00]} 4. c3 {[%emt 0:00:09]} Qb6 {[%emt 0:00:00]} 5. Nf3 {[%emt 0:00:09]} Nc6 {[%emt 0:00:03]} 6. a3 {[%emt 0:00:06]} Nh6 {[%emt 0:00:15]} 7. b4 {[%emt 0:00:07]} cxd4 {[%emt 0:00:05]} 8. cxd4 {[%emt 0:00:08]} Nf5 {[%emt 0:00:03]} 9. Bb2 {[%emt 0:00:26]} Bd7 {[%emt 0:00:41]} 10. g4 {[%emt 0:00:51]} Nfe7 {[%emt 0:00:05]} 11. Nc3 {[%emt 0:01:23]} Na5 {[%emt 0:00:35]} 12. Na4 {[%emt 0:01:38]} Qc6 {[%emt 0:11:12]} 13. b5 {[%emt 0:01:10]} Qc7 {[%emt 0:00:22]} 14. Nc5 {[%emt 0:13:49]} Nc4 {[%emt 0:15:14]} 15. Bxc4 {[%emt 0:00:30]} dxc4 {[%emt 0:00:05]} 16. Nd2 Bxb5 {[%emt 0:12:25]} 17. a4 {[%emt 0:32:40]} Bc6 {[%emt 0:02:10]} 18. Nxc4 {[%emt 0:00:07]} Ng6 {[%emt 0:06:13]} 19. O-O {[%emt 0:01:20]} Rd8 {[%emt 0:12:58]} 20. Qb3 {[%emt 0:00:59]} Nf4 {[%emt 0:13:28]} 21. Qe3 {[%emt 0:02:24]} Ng2 {[%emt 0:03:27]} 22. Qg3 {[%emt 0:04:16]} h5 {[%emt 0:00:10]} 23. f3 {[%emt 0:01:08]} hxg4 {[%emt 0:04:29]} 24. Qxg2 {[%emt 0:01:43]} gxf3 {[%emt 0:03:14]} 25. Qc2 {[%emt 0:07:27]} Rh6 {[%emt 0:03:42]} 26. Rf2 {[%emt 0:00:50]} Be7 {[%emt 0:02:18]} 27. Rc1 {[%emt 0:03:38]} Bh4 {[%emt 0:01:51]} 28. Ne4 {[%emt 0:06:09]} Bxf2+ {[%emt 0:00:57]} 29. Qxf2 {[%emt 0:00:15]} f5 {[%emt 0:02:16]} 30. Ncd6+ {[%emt 0:00:42]} Rxd6 {[%emt 0:02:53]} 31. Nxd6+ {[%emt 0:00:23]} Kd7 {[%emt 0:00:29]} 32. Qg3 {[%emt 0:01:14]} g6 {[%emt 0:01:03]} 33. Nf7 {[%emt 0:01:38]} Rh5 {[%emt 0:01:07]} 34. Rc2 {[%emt 0:05:00]} Qa5 {[%emt 0:01:12]} 35. Rf2 {[%emt 0:05:23]} Ke7 {[%emt 0:00:26]} 36. Kf1 {[%emt 0:02:34]} Kxf7 {[%emt 0:00:31]} 37. Rc2 {[%emt 0:00:33]} Bxa4 {[%emt 0:01:00]} 38. Rc5 {[%emt 0:00:30]} Qa6+ {[%emt 0:01:17]} 39. Kg1 {[%emt 0:00:25]} Qb6 {[%emt 0:00:37]} 40. Bc1 {[%emt 0:00:36]} Bc6 {[%emt 0:00:18]} 41. Qf2 {[%emt 0:30:27]} Qb4 {[%emt 0:30:32]} 42. Bd2 {[%emt 0:00:34]} Qb1+ {[%emt 0:00:14]} 43. Rc1 {[%emt 0:00:27]} Qe4 {[%emt 0:00:09]} 44. Ra1 {[%emt 0:00:33]} Rh4 {[%emt 0:00:47]} 45. Kh1 {[%emt 0:00:29]} Qxd4 {[%emt 0:00:43]} 46. Rf1 {[%emt 0:00:07]} Qxf2 {[%emt 0:00:47]} 47. Rxf2 {[%emt 0:00:09]} Re4 {[%emt 0:00:30]} 0-1

[Event "Moscow Open-F 2019"]
[Site "Moscow"]
[Date "2019.01.27"]
[Round "3"]
[White "Bazarov, Vladimir"]
[Black "Matyunin, Maxim"]
[Result "1-0"]
[WhiteElo "1800"]
[BlackElo "2218"]
[Annotator "TA"]
[PlyCount "129"]
[EventDate "2019.01.26"]
[EventType "swiss"]
[EventCountry "RUS"]
[SourceTitle "playchess.com"]
[Source "ChessBase"]
[SourceQuality "1"]

{[%evp 24,129,52,10,25,25,24,33,31,31,33,24,22,18,33,21,25,28,28,28,19,35,27,2,20,22,49,50,52,11,63,68,143,109,94,62,96,76,293,299,501,488,505,502,486,460,468,486,501,474,468,468,519,519,519,519,519,519,519,519,519,519,505,497,483,450,435,390,29964,29965,29965,29967,29966,29968,29967,29968,29969,29970,29970,29970,29970,29971,29971,29971,29971,29972,29971,29973,29973,29974,29973,29974,29974,29975,29975,29976,29976,29977,29977,29977,29979,29979,29982,29983,29984,29985,29989,76]} 1. e4 e6 2. d4 d5 3. Nd2 Nf6 4. e5 Nfd7 5. Bd3 c5 6. c3 Nc6 7. Ndf3 cxd4 8. cxd4 f6 9. exf6 Nxf6 10. Ne2 Bd6 11. O-O Qc7 12. Be3 O-O {C06: French Tarrasch: 3...Nf6 4 e5 Nfd7 5 Bd3 main lines} (12... Ng4 13. g3 O-O 14. Nc3 Bxg3 15. hxg3 Nxe3 16. fxe3 Qxg3+ 17. Kh1 e5 18. Nh2 Bh3 19. Rxf8+ Rxf8 20. Qg1 Qh4 21. Bf1 Be6 22. Bg2 exd4 23. exd4 Nxd4 24. Qe3 Rf5 {½-½ (24) Siigur,J (2425)-Boeken,M (2416) ICCF email 2010}) 13. Ng3 {LiveBook: 3 Games} Bd7 14. Rc1 Rae8 {White has an edge.} 15. a3 Qb8 16. Bb1 e5 $146 ({Predecessor:} 16... Ne7 17. Qb3 Nf5 18. Bd2 Rf7 19. Bb4 Bf4 20. Rcd1 Ng4 21. Bxf5 exf5 22. Qxd5 {½-½ (79) Picard,C (2150)-Vallin,G (2270) Rochefort 1998}) 17. dxe5 Nxe5 18. Nxe5 Bxe5 19. Bd4 Bc6 20. Bxe5 Qxe5 21. Qd2 Ne4 22. Nxe4 dxe4 23. Rc3 Rf6 24. Re1 Rh6 25. h3 Rd6 26. Qe3 Qb5 (26... Qd4 $11) 27. b4 $14 {[%cal Bb2b4,Bb4b5][%mdl 32]} Qh5 ({Black should try} 27... a6 $14) 28. Ba2+ Kh8 29. Rc5 $36 {[%mdl 2048] White fights for an advantage.} Qg6 30. b5 Rd3 $2 {[#]} (30... Bd7 $16 {was called for.}) 31. Qf4 $1 $18 Rf3 $2 {[#]} (31... Bd7 32. Bf7 Rf8) 32. Qg4 $1 Qxg4 33. hxg4 Rxa3 34. bxc6 bxc6 35. Bf7 Re7 36. Rxc6 {Intending Rc8+ and mate.} g6 37. Bd5 e3 38. Rxe3 Raxe3 39. fxe3 Rxe3 {[%mdl 4096] Endgame KRB-KR} 40. Rc8+ Kg7 41. Rc7+ Kh6 42. Rxa7 Kg5 43. Bf3 h6 44. Kf2 Re5 45. Rd7 Kf4 $2 (45... Kf6 $18 46. Rd6+ Kg5) 46. Rd4+ {White mates.} Kg5 47. Rd5 Rxd5 48. Bxd5 Kxg4 {KB-KPP} 49. Bf7 Kg5 50. Kg3 Kf6 51. Be8 Kg5 52. Bd7 Kf6 53. Kg4 Ke7 54. Bb5 Kf6 55. Bd3 Kg7 56. Kf4 Kf6 57. Bc2 Kg7 58. Ke5 Kf7 59. Bd3 Kg7 60. Ke6 h5 61. Be4 h4 62. Bf3 h3 63. g4 {[%cal Bg2g4,Bg4g5][%mdl 32]} Kh6 64. Kf6 h2 65. g5+ {Accuracy: White = 77%, Black = 52%.} 1-0

[Event "Moscow Open-F 2019"]
[Site "Moscow"]
[Date "2019.01.27"]
[Round "3"]
[White "Zhaksygulov, Askarbai"]
[Black "Zakhartsov, Vladimir"]
[Result "0-1"]
[WhiteElo "1795"]
[BlackElo "2483"]
[Annotator "TA"]
[PlyCount "66"]
[EventDate "2019.01.26"]
[EventType "swiss"]
[EventCountry "RUS"]
[SourceTitle "playchess.com"]
[Source "ChessBase"]
[SourceQuality "1"]

{[%evp 19,66,82,78,59,47,31,37,43,60,0,0,0,48,0,0,0,0,0,0,-19,0,0,26,0,0,0,0,0,0,-64,-91,-170,-146,-661,-654,-774,-637,-29977,-29978,-29978,-29979,-29978,-29979,-29976,-29977,-29945,-29963,-5202,-2257]} 1. e4 {Bulletin} c5 2. Nf3 d6 3. Bb5+ Nd7 4. d4 Ngf6 5. Nc3 cxd4 6. Qxd4 a6 7. Bxd7+ Bxd7 8. Bg5 h6 9. Bxf6 gxf6 10. O-O {B51: Sicilian: Moscow Variation (3 Bb5+) without 3...Bd7} Rc8 {LiveBook: 3 Games} (10... e6 11. Ne2 Be7 12. a4 h5 13. c4 Qa5 14. Qd3 h4 15. h3 Rc8 16. b3 Rc5 17. Ned4 Rg8 {0-1 (52) Malakhov,V (2666)-Bosiocic,M (2600) Biograd 2018}) 11. a4 e6 12. a5 $146 {White is slightly better.} ({Predecessor:} 12. Nd2 Rg8 13. Nc4 Qc7 14. Ne3 Be7 15. Rfe1 Qc5 16. Qd3 Kf8 17. f4 Bc6 {0-1 (26) Kuczynski,R (2510)-Grabarczyk,B (2375) Warsaw 1995 EXT 1999 [Bulletin]}) 12... Be7 13. Nd2 Qc7 14. Kh1 (14. Nb3 $14) 14... Qc5 $11 15. Qd3 Kf8 16. f4 Bb5 17. Nxb5 Qxc2 18. Qe3 {[#] aiming for Nd4.} axb5 19. Nf3 Rg8 $36 {[%csl Gg8][%cal Rc2g2][%mdl 2048] Black has some pressure.} 20. g3 Rc4 21. Nd2 (21. Rfc1 $5 {[%cal Rc1c2]} Rxe4 22. Rxc2 Rxe3 23. Kg2 $11) 21... Rc5 22. f5 Qxb2 23. Qxh6+ Ke8 24. Qh7 (24. a6 $11 bxa6 25. fxe6 fxe6 26. Qh7) 24... Rf8 $15 25. a6 (25. Rfd1 $17) 25... bxa6 $19 ({Don't play} 25... Qxd2 26. axb7 Kd7 {[#]} 27. Qxf7 $1 $15 {[%mdl 512]}) 26. Rxa6 $2 {[%mdl 8192]} (26. Rfd1 $17) 26... Qxd2 27. Ra8+ Bd8 28. Qg7 Rc2 {[%csl Gc2][%cal Rd2h2]} 29. Rxd8+ Kxd8 {[%csl Gc2][%cal Rd2h2]} 30. Qxf8+ Kc7 {[%csl Gc2][%cal Rd2h2]} 31. Qe7+ Kc6 {[%csl Gc2][%cal Rd2h2]} 32. Qe8+ Kc5 {[%csl Gc2][%cal Rd2h2]} 33. Qc8+ Kd4 {Precision: White = 28%, Black = 57%.} 0-1

[Event "Moscow Open-F 2019"]
[Site "Moscow"]
[Date "2019.01.28"]
[Round "4"]
[White "Zakhartsov, Vladimir"]
[Black "Antonov, Andrey P."]
[Result "1/2-1/2"]
[WhiteElo "2483"]
[BlackElo "2150"]
[Annotator "TA"]
[PlyCount "140"]
[EventDate "2019.01.26"]
[EventType "swiss"]
[EventCountry "RUS"]
[SourceTitle "playchess.com"]
[Source "ChessBase"]
[SourceQuality "1"]

{[%evp 24,140,0,0,-2,-31,-31,-34,-24,-25,-24,-72,-82,-82,-40,-41,-41,-41,-31,-31,-30,-27,-25,-33,-29,-31,-11,-18,-14,-24,-7,-15,-8,-17,-3,-6,0,-45,-33,-70,-41,-49,-41,-50,-49,-66,-12,-9,-8,-33,0,0,0,0,0,0,22,0,0,-8,-8,-29,-42,-40,-8,-8,0,-75,0,0,15,7,7,0,0,0,0,0,0,0,0,0,6,0,0,0,0,0,0,0,28,31,31,31,26,22,30,0,0,0,0,0,0,0,0,0,0,0,0,0,0,0,0,0,0,0,0,0,0]} 1. c4 Nf6 2. d4 d6 3. Nc3 g6 4. e4 Bg7 5. Be2 O-O 6. Bg5 h6 7. Be3 c5 8. e5 dxe5 9. dxe5 Qxd1+ 10. Rxd1 Ng4 11. Bxc5 {E73: King's Indian: Averbakh Variation without 6...c5} Nxe5 12. Bxe7 (12. Nd5 Nbc6 13. f4 Ng4 14. Bf3 Bf5 15. Ne2 Rfd8 16. Ng3 e6 17. h3 Nf6 18. Ne7+ Nxe7 19. Bxe7 Rxd1+ 20. Kxd1 {1-0 (53) Bareev,E (2698)-Bologan,V (2661) Poikovsky 2006}) 12... Re8 13. Nd5 {LiveBook: 8 Games} Be6 {[#]} 14. Nf6+ $146 ({Predecessor:} 14. Ba3 Na6 15. Kf1 Rad8 16. f4 Nxc4 17. Bxc4 Nc7 18. Ne7+ Kh7 {0-1 (56) Petursson,M (2535)-Kotronias,V (2570) Gausdal 1995}) 14... Bxf6 $1 15. Bxf6 Nxc4 16. Nf3 Nb6 17. a3 Bc4 18. Rd2 Nc6 {...Nd5 is the strong threat.} (18... N8d7 {with more complications.} 19. Bd4 Rac8 20. Be3 Nf6 21. Rc2 Nfd5) 19. Kd1 $1 Bxe2+ 20. Rxe2 Rxe2 21. Kxe2 Nd5 22. Bc3 $1 Nxc3+ 23. bxc3 $11 {[%mdl 4096] Endgame KRN-KRN} Rd8 24. Rb1 Rd7 25. Rb5 Kf8 26. g4 Ke7 27. h4 a6 28. Rb1 Kd6 29. Rd1+ Kc7 30. Rh1 Rd5 31. Nd2 Ra5 32. Nc4 Ra4 33. Ne3 $1 Rxa3 34. h5 gxh5 (34... Ne5 $15 35. hxg6 fxg6 36. Rxh6 Ra2+ 37. Kf1 a5) 35. Rxh5 Kd7 36. Nd5 Ne7 37. Nf6+ Ke6 38. Rxh6 Ng6 39. Ne4 Ke5 40. Kf3 b5 {[%cal Bb7b5,Bb5b4][%mdl 32]} 41. Rh7 b4 42. Rh5+ Ke6 43. Ke3 bxc3 (43... b3 $5 {[%cal Rb3b2]} 44. Rf5 Ke7 $15) 44. Rc5 Ne5 45. g5 (45. Ng5+ $11 Kf6 46. Ne4+ Ke6 47. Ng5+ Kf6 48. Ne4+ Ke6) 45... Kf5 (45... c2+ $1 $17 46. Kd2 Ra4) 46. Nxc3 Ke6 47. Ke4 Ng6 48. f4 {[#] Strongly threatening f5+.} Ne7 49. Re5+ Kd6 50. Kd3 Ng6 51. Re4 (51. Rd5+ {is interesting.} Ke7 52. Rf5 Kf8 53. Kc2 Ra1 54. Rf6) 51... Ne7 52. Kd2 Ra1 53. Rb4 Ra5 54. Rb6+ Kd7 55. Ne4 Nd5 56. Rd6+ Ke7 57. f5 Nc7 58. f6+ Ke8 59. Rb6 {And now Nd6+ would win.} Kd7 60. Rb8 Rf5 {The position is equal.} 61. Rf8 Ke6 62. Ke3 Ke5 63. Rxf7 Nd5+ 64. Kd3 {Black must now prevent Re7+!} Rf3+ 65. Kc4 {Threatens to win with Re7+!} Kxe4 {[%csl Gd5][%cal Rf3c3] [#]} 66. Re7+ $1 {[%mdl 512]} Kf5 (66... Nxe7 67. fxe7) 67. Kxd5 Kxg5 68. f7 Kg6 69. Ke6 Rf6+ 70. Kd7 {aiming for Ke8.} Rxf7 {Accuracy: White = 48%, Black = 59%.} 1/2-1/2